| 000 | 00992nam a2200289 4500 | ||
|---|---|---|---|
| 003 | OSt | ||
| 005 | 20260530115310.0 | ||
| 008 | 260508b2000 kn ||||| |||| 00| 0 eng d | ||
| 040 |
_aICI _bspa _cICI |
||
| 041 | _aeng | ||
| 050 |
_aHC467 _bK67 2000 |
||
| 100 | 1 |
_aKaid _932679 |
|
| 245 | 1 | 0 | _aKorea Industrial Design Awards 2000- |
| 260 |
_aSeoul _c2001 |
||
| 264 | 1 |
_bKorea Association of Industrial Designers _c2001 |
|
| 300 |
_a115 páginas: _bilustraciones |
||
| 336 |
_atexto _2rdacontent |
||
| 337 |
_asin medio _2rdamedia |
||
| 338 |
_avolumen _2rdacarrier |
||
| 500 | _aPublicación sobre el desarrollo industrial y tecnológico de Corea del Sur. | ||
| 650 |
_aIndustria _xCorea del Sur. _932680 |
||
| 650 |
_aDesarrollo industrial Corea del Sur _x Corea del Sur _932681 |
||
| 650 |
_aInnovaciones tecnológicas _xCorea del Sur. _932682 |
||
| 650 |
_aPolítica industrial _xCorea del Sur. _932683 |
||
| 651 |
_aCorea del Sur _xCondiciones económicas. _932684 |
||
| 942 |
_2ddc _cBK _n1 |
||
| 999 |
_c13310 _d13310 |
||